000 00780nam a22002175i 4500
001 160616
003 ES-MaACL
005 20250604062547.0
008 990513s1868 fr |||| | fre d
040 _aCCPB | B
_bspa
_cCCPB | B
100 1 _aNervo, Gonzalvo
_cBarón de (
_d1804-1897)
_9130442
245 1 2 _aL'Espagne en 1867
_b: ses finances, son administration, son armée /
_cpar M. Le Baron de Nervo.
260 _aParis :
_bMichel Lévy frères, libraires éditeurs,
_c1868 (
_fImprimerie J. Claye)
300 _a[4], 268, [2] p. ;
_c25 cm.
596 1 _aMarca tip. en port.
597 1 _aAntep.
651 7 _aEspaña-
_xHistoria-
_yS.XIX
_2
_9142005
752 _aFrancia -
_dParís
852 _aES-MaACL
_jG-10000
_z-- Enc. hol.
999 _c160616
_d160616